00342nam a2200133Ia 4500008004100000041000800041082001600049100001300065245005700078260003700135300001200172365000700184650001700191210719s1978 xx 000 0 und d aeng a255.53 JESU aJESUITS; aJesuits year book of the society of Jesus 1978-1979. aRomebJesuit General Curiac1978 a159bPB cRs aChristianity